Documentos do Instituto Jones

Economia criativa em números: Edição 2025

Bibliographische Detailangaben
1. Verfasser: INSTITUTO JONES DOS SANTOS NEVES
Körperschaft: FUNDAÇÃO DE APOIO CIÊNCIA E TECNOLOGIA DO ESPÍRITO SANTO-FAPES (Apoio)
Weitere Verfasser: Borges, Ligia da Motta Silveira, Gomes, Cleverlânio Silva, Castro, Magnus William de, Vervloet, Lorena Louzada, Ruiz, Karina Pietro Biasi, Valério Junior, Valdir Brunelli, Rocha, Antonio Ricardo Freislebem da, Pires Júnior, Wilton, Paula, Kátia Cesconeto de, Jabor, Pablo Medeiros, Secretaria da Cultura do Espírito Santo (Autor), FUNDAÇÃO DE APOIO CIÊNCIA E TECNOLOGIA DO ESPÍRITO SANTO-FAPES., Toscano, Victor Nunes, Sesana, Vitória Nascimento de Jesus, Siqueira, Marcelo, Palomares, Carolina Ruas, Zagoto, Joemar Bruno Francisco, Magalhães, Maria Thereza Bosi de, Noronha, Fabrício, Colli, Juliana, Delfino, Rubens, Viana, Heloísa N., Machado, Verônica dos Santos
Format: Documentos do Instituto Jones
Sprache:Português
Veröffentlicht: Vitória: Gráfica JEP, 2025.
Schriftenreihe:Economia criativa em números
Schlagworte:
Online Zugang:https://esmaiscriativo.es.gov.br/publicacoes/
Standort:IJ01606
LEADER 02555nam a22005417a 4500
005 20260630144759.0
100 |a INSTITUTO JONES DOS SANTOS NEVES  |9 39740 
245 0 0 |a Economia criativa em números:  |b Edição 2025 
260 |a Vitória:  |b Gráfica JEP,  |c 2025. 
300 |a 25 p. : il. ; 21 cm. 
490 0 |a Economia criativa em números 
546 |a Português 
650 1 0 |a Economia criativa - Espírito Santo (Estado)  |9 54276 
650 1 0 |a Boletim Anual da Economia Criativa - Espírito Santo (Estado)  |9 55012 
650 1 0 |a ES+Criativo  |9 54282 
650 1 0 |a Pesquisa Nacional por Amostra de Domicílios Contínua - PNAD-C - Instituto Brasileiro de Geografia e Estatística - IBGE  |9 54277 
650 1 0 |a Ocupação - Trabalho  |9 54278 
650 1 0 |a Rendimento - Trabalho  |9 54279 
650 1 0 |a Trabalho informal  |9 54280 
650 1 0 |a Estatísticas - Cultura, Criações funcionais, Tecnologia, Mídia, Gastronomia - Segmentos - Economia criativa  |9 55013 
701 1 |a Borges, Ligia da Motta Silveira  |e Escritório de projetos 
701 1 |a Gomes, Cleverlânio Silva 
701 1 |a Castro, Magnus William de 
702 1 |a Vervloet, Lorena Louzada  |e Coord. 
702 1 |a Ruiz, Karina Pietro Biasi  |e Coord. 
702 1 |a Valério Junior, Valdir Brunelli  |e Coord. 
703 1 |a Rocha, Antonio Ricardo Freislebem da  |e Diretor presidente 
703 1 |a Pires Júnior, Wilton  |e Diretor de integração e projetos especiais 
703 1 |a Paula, Kátia Cesconeto de  |e Diretora de gestão administrativa 
703 1 |a Jabor, Pablo Medeiros  |e Diretor de Estudos e Pesquisas 
710 2 |a Secretaria da Cultura do Espírito Santo  |e Autor  |9 54281 
710 |a FUNDAÇÃO DE APOIO CIÊNCIA E TECNOLOGIA DO ESPÍRITO SANTO-FAPES.  |e Apoio  |9 48947 
720 1 |a Toscano, Victor Nunes 
720 1 |a Sesana, Vitória Nascimento de Jesus 
720 1 |a Siqueira, Marcelo 
720 1 |a Palomares, Carolina Ruas 
720 1 |a Zagoto, Joemar Bruno Francisco 
720 1 |a Magalhães, Maria Thereza Bosi de 
720 1 |a Noronha, Fabrício 
720 1 |a Colli, Juliana 
720 1 |a Delfino, Rubens 
720 1 |a Viana, Heloísa N. 
720 1 |a Machado, Verônica dos Santos 
856 4 2 |u https://esmaiscriativo.es.gov.br/publicacoes/ 
942 |c DIJ 
952 |0 0  |1 0  |3 Grampeado  |4 0  |5 0  |7 0  |9 358330  |a BIBLIO  |b BIBLIO  |c IJ01606  |d 2026-06-30  |l 0  |p 349666  |r 2026-06-30 13:22:44  |w 2026-06-30  |y DIJ 
952 |0 0  |1 0  |3 Grampeado  |4 0  |5 0  |7 0  |9 358331  |a BIBLIO  |b BIBLIO  |c IJ01606  |d 2026-06-30  |l 0  |p 349667  |r 2026-06-30 13:22:44  |t 2. ex.  |w 2026-06-30  |y DIJ 
999 |c 353787  |d 353787